| 000 | 01173cam a2200277 i 4500 | ||
|---|---|---|---|
| 001 | 20712493 | ||
| 003 | DO-SdBNP | ||
| 005 | 20230828143243.0 | ||
| 008 | 181016s2017 dr b 000 0aspa | ||
| 020 | _a9789945090178 | ||
| 040 |
_aBPMSU _bspa _cBPMSU |
||
| 082 | 4 |
_a972.93053 _bES74m 2017 _222 |
|
| 100 | 1 |
_aEscoto Santana, Julio Miguel, _d1930- _eauthor. |
|
| 245 | 1 | 0 |
_aMi testimonio 1J4 : _bla súplica de mi padre y mis trágicas vivencias en la tiranía de Trujillo... 50 años después / _cJulio Miguel Escoto Santana. |
| 264 |
_aSanto Domingo, República Dominicana : _bEditora Búho, _c2017. |
||
| 300 |
_a677 páginas : _bilustraciones _c23 cm |
||
| 504 | _aIncludes bibliographical references (pages 675-677). | ||
| 590 | _6Inventariado, 2023/VM | ||
| 600 | 1 | 4 |
_aEscoto Santana, Julio Miguel, _d1930- |
| 600 | 1 | 4 |
_aTrujillo Molina, Rafael Leónidas, _d1891-1961 |
| 650 | 4 |
_aRevolucionarios _zRepública Dominicana _vBiografías |
|
| 650 | 4 |
_aPolítica y gobierno _zRepública Dominicana _xHistoria _y 1930-1961 |
|
| 650 | 4 |
_a14 de Junio (Organización: República Dominicana) _v |
|
| 910 | _aVMateo V. Control de calidad. BPMSU | ||
| 942 |
_2ddc _cBK |
||
| 999 |
_c13722 _d13722 |
||